000 01013nam a2200313 c 4500
001 57953
003 CO-BoRNBP
005 20250813201520.0
007 ta
008 231207s2023 ck a|||ar|||| 00||j spa d
020 _a9786289529494
040 _aCO-BoRNBP
_bspa
_erda
_cCO-BoRNBP
041 0 _aspa
084 _aC
100 _aGago, Andrea,
_d1986-
_eaut
245 1 3 _aLa discusión /
_cilustraciones y texto de Andrea Gago.
250 _aEdición especial
264 1 _aBogotá, Colombia :
_bFundación Mulato,
_c2023
300 _a20 páginas :
_bilustraciones a color
336 _atexto
_btxt
_2rdacontent
337 _asin mediación
_bn
_2rdamedia
338 _avolumen
_bnc
_2rdacarrier
521 _aRecomendado para un público infantil a partir de los 6 años
650 0 7 _aConflictos Interpersonales
_vcuentos
_2LEMB
650 0 4 _aCuentos infantiles peruanos
_ysiglo xx
_2LEMB
650 0 4 _aLiteratura infantil peruana
_ysiglo xx
_2LEMB
_9973
655 _aCuentos
_9324660
942 _2loc
_cBKLITI
999 _c57953
_d57953